000 00639nam a2200205Ii 4500
003 JO-AjNU
008 230606s9999||||xx |||||||||||||| ||und||
020 _a0-07- 058716- 7
040 _aJO-AjNU
_beng
_erda
_cJO-AjNU
041 _aeng
050 1 4 _aQA76. 73 .S57 1987
100 3 _aSmith. James T,
_eauthor
_96089
245 0 0 _aGetting the Most from TURBO PASCAL
264 3 1 _aNew York: McGraw Hill, 1987
300 _a383p
_bIncludes bibliographical references
336 _atext
_btxt
_2rdacontent
337 _aunmediated
_bn
_2rdamedia
338 _avolume
_bnc
_2rdacarrier
650 4 _aPascal (Computer program language).
_96090
999 _aE3160
_c3156
_d3156